000 00361nam a22001217a 4500
008 230619b xxu||||| |||| 00| 0 eng d
082 _a303.48
_bPAU
100 _cRanjan Poudyal
245 _aBridging the North South Divide
_bLinkages and Learning between the south and the north
260 _aEngland
_bSave the Children
_c2001
300 _a50p
942 _2ddc
_cBK
999 _c1382
_d1382